Meet The Grahams 1 Verse - Statistics

General Stats
  • This quiz has been taken 62 times
  • The average score is 148 of 273
Answer Stats
Answer % Correct
A
100%
a
100%
I
98%
You
95%
you
95%
Adonis
93%
Dear
93%
Is
93%
is
93%
Me
91%
me
91%
That
91%
that
91%
Your
91%
your
91%
I'm
88%
Man
88%
man
88%
do
86%
Sorry
86%
Be
84%
be
84%
Father
79%
It
79%
it
79%
To
79%
to
79%
Honest
77%
Let
77%
let
77%
the
74%
who
74%
Condom
70%
Dad
70%
no
70%
Takes
70%
Wish
70%
And
67%
and
67%
Not
65%
Grandpa
63%
Him
63%
him
63%
Responsive
63%
Up
63%
Look
60%
Wore
60%
At
58%
got
58%
Grow
58%
grow
58%
he
58%
don't
53%
Don't
53%
in
53%
know
53%
Woulda
53%
Life
51%
mentor
51%
on
51%
some
51%
Stand
51%
you're
51%
daddy
49%
Hard
49%
son
49%
Then
49%
we
49%
have
47%
Never
47%
never
47%
us
47%
Behind
44%
even
44%
get
44%
gon'
44%
Gotta
44%
head
44%
if
44%
piss
44%
pop
44%
real
44%
right
44%
this
44%
always
42%
leg
42%
push
42%
teach
42%
them
42%
there
42%
black
40%
die
40%
fuck
40%
now?
40%
shit
40%
thats
40%
That's
40%
that's
40%
are
37%
beat
37%
bitch
37%
bitches
37%
challenge
37%
did
37%
home
37%
Just
37%
kid
37%
need
37%
of
37%
or
37%
Ozempic
37%
play
37%
religion
37%
since
37%
Sometimes
37%
until
37%
ups
37%
when
37%
wit'
37%
18
35%
affect
35%
as
35%
bad
35%
benefit
35%
but
35%
Can't
35%
could
35%
Either
35%
like
35%
mistakes
35%
parents
35%
Understand
35%
discipline
33%
fall
33%
good
33%
how
33%
leadership
33%
what
33%
ain't
30%
corners
30%
cut
30%
escort
30%
goals
30%
our
30%
remember
30%
with
30%
gym
28%
one
28%
wrong
28%
brazilians
26%
carry
26%
hide
26%
membership
26%
please
26%
treat
26%
Five
23%
five
23%
Moms
23%
sure
23%
switch
23%
again
21%
Ashamed
21%
bout
21%
king
21%
law
21%
lost
21%
nothing
21%
pay
21%
proud
21%
superstars
21%
will
21%
yourself
21%
code
19%
ninety
19%
percent
19%
whether
19%
come
16%
from
16%
hands
16%
strength
16%
comprehend
14%
Lotta
14%
within
14%
youll
14%
makes
12%
throwin
12%
hidin
9%
rock
9%
No matching quizzes found
Score Distribution
Percent of People with Each Score
Percentile by Number Answered
Your Score History
You have not taken this quiz